000 00755nam a22001337a 4500
040 _cRUA
082 _aAVM CHE 2013 B111 Or.1
100 _aCHEN, ROTHY.
245 _astudy on present of gastro- intestinal parasite in crocodie (crocodylus siamensis) at stoung district, kampong thum province, ការសិក្សាលើវត្តមានបរាសិតក្នុងក្រពះពោះវៀនក្រពើចិញ្ចឹមជាលក្ខណៈគ្រយសារ នៅស្រុកស្ទោង ខេត្តកំពង់ធំ
260 _aPhnom Penh
_bRUA
_c2013
300 _avi; 34p.
_bill.
_c29cm.
856 _uhttps://drive.google.com/file/d/1wft4Rd5clOA5LOtsPq3QnR6blvIng-Qm/view?usp=sharing
942 _cAVM
999 _c2751
_d2751